Cẩm nang sở hữu trí tuệ

Sách cung cấp cho độc giả một tài liệu tham khảo về các lĩnh vực khác nhau của sở hữu trí tuệ, qua đó góp phần thúc đẩy việc áp dụng hệ thống sở hữu trí tuệ trong các hoạt động nghiên cứu, sáng tạo, sản xuất và kinh doanh....

Descripción completa

Guardado en:
Detalles Bibliográficos
Formato: Libro
Lenguaje:Undetermined
Publicado: Hà Nội Tổ chức sở hữu trí tuệ thế giới (WIPO) 2001
Materias:
Etiquetas: Agregar Etiqueta
Sin Etiquetas, Sea el primero en etiquetar este registro!
Thư viện lưu trữ: Trung tâm Học liệu Trường Đại học Cần Thơ
LEADER 00964nam a2200181Ia 4500
001 CTU_156442
008 210402s9999 xx 000 0 und d
082 |a 346.597048 
082 |b C120 
245 0 |a Cẩm nang sở hữu trí tuệ 
260 |a Hà Nội 
260 |b Tổ chức sở hữu trí tuệ thế giới (WIPO) 
260 |c 2001 
520 |a Sách cung cấp cho độc giả một tài liệu tham khảo về các lĩnh vực khác nhau của sở hữu trí tuệ, qua đó góp phần thúc đẩy việc áp dụng hệ thống sở hữu trí tuệ trong các hoạt động nghiên cứu, sáng tạo, sản xuất và kinh doanh. 
650 |a Tài sản vô hình,Sở hữu trí tuệ,Intangible property,Intellectual property 
650 |x Cẩm nang,Handbook 
904 |i QHieu 
980 |a Trung tâm Học liệu Trường Đại học Cần Thơ